Statistics for Farmer kits on Roblox bedwars

Click here to take the quiz!

General Stats

  • This quiz has been taken 28 times
  • The average score is 6 of 8

Answer Stats

HintAnswer% Correct
CarrotsFarmer cletus
100%
Fishing rodFisherman
94%
Iron locatorMetal detector
94%
CandyLucia
83%
PickaxeMiner
83%
DiscountMerchant marco
78%
BeehiveBeekeeper beatrix
56%
MachineCyber
22%

Score Distribution

Percentile by Number Answered

Percent of People with Each Score

Your Score History

You have not taken this quiz